00391nam a2200097Ia 4500008004100000100002400041245012500065260007100190546001200261700002000273220512s9999 xx 000 0 eng d aMaurya, Amit Kumar  0aBargaining Order and Delays in Multilateral Bargaining with Asymmetric Sellers /cMaurya, Amit Kumar and Sarkar, Shubhro aMumbai :bIndira Gandhi Institute of Development Research,cAug-13 aEnglish aSarkar, Shubhro